[Event "Hoogeveen Amateur 1"]
[Site "Hoogeveen, Netherlands"]
[Date "2018.10.26"]
[Round "7.4"]
[White "De Winter, Arthur"]
[Black "Van Popta, Hette"]
[Result "1/2-1/2"]
[WhiteElo "1361"]
[BlackElo "1823"]

1. e4 {[%clk 01:30:30]} {[%emt 01:47:06]} g6 {[%clk 01:30:49]} {[%emt
00:00:29]} 2. d4 {[%clk 01:30:55]} {[%emt 00:00:07]} Bg7 {[%clk 01:31:08]}
{[%emt 00:00:10]} 3. Nc3 {[%clk 01:31:17]} {[%emt 00:00:07]} c5 {[%clk
01:31:24]} {[%emt 00:00:15]} 4. dxc5 {[%clk 01:31:42]} {[%emt 00:00:05]} Bxc3+
{[%clk 01:31:34]} {[%emt 00:00:19]} 5. bxc3 {[%clk 01:32:06]} {[%emt 00:00:07]}
Qa5 {[%clk 01:31:52]} {[%emt 00:00:12]} 6. Bd2 {[%clk 01:28:12]} {[%emt
00:04:24]} Qxc5 {[%clk 01:32:03]} {[%emt 00:00:17]} 7. Nf3 {[%clk 01:28:24]}
{[%emt 00:00:17]} d6 {[%clk 01:31:49]} {[%emt 00:00:45]} 8. h3 {[%clk
01:28:08]} {[%emt 00:00:46]} Nf6 {[%clk 01:31:51]} {[%emt 00:00:27]} 9. Bd3
{[%clk 01:28:33]} {[%emt 00:00:06]} Nbd7 {[%clk 01:30:51]} {[%emt 00:01:30]} 10.
O-O {[%clk 01:28:46]} {[%emt 00:00:16]} a6 {[%clk 01:30:25]} {[%emt 00:00:57]}
11. a4 {[%clk 01:28:24]} {[%emt 00:00:53]} b6 {[%clk 01:29:48]} {[%emt
00:01:07]} 12. Re1 {[%clk 01:26:57]} {[%emt 00:01:57]} Bb7 {[%clk 01:28:48]}
{[%emt 00:01:30]} 13. Rb1 {[%clk 01:23:54]} {[%emt 00:03:34]} Qc7 {[%clk
01:25:41]} {[%emt 00:03:36]} 14. Qe2 {[%clk 01:18:37]} {[%emt 00:05:48]} e5
{[%clk 01:10:56]} {[%emt 00:15:14]} 15. Be3 {[%clk 01:15:36]} {[%emt 00:03:32]}
Nc5 {[%clk 01:02:48]} {[%emt 00:08:37]} 16. Bxc5 {[%clk 01:15:56]} {[%emt
00:00:11]} dxc5 {[%clk 01:00:56]} {[%emt 00:02:21]} 17. Nd2 {[%clk 01:12:52]}
{[%emt 00:03:34]} O-O {[%clk 01:00:30]} {[%emt 00:00:56]} 18. Nc4 {[%clk
01:07:39]} {[%emt 00:05:44]} Nd7 {[%clk 00:58:46]} {[%emt 00:02:13]} 19. Ne3
{[%clk 01:04:39]} {[%emt 00:03:31]} Nf6 {[%clk 00:57:34]} {[%emt 00:01:41]} 20.
Nc4 {[%clk 01:04:52]} {[%emt 00:00:17]} Nd7 {[%clk 00:57:54]} {[%emt 00:00:10]}
21. Ne3 {[%clk 01:04:46]} {[%emt 00:00:37]} Nf6 {[%clk 00:58:20]} {[%emt
00:00:02]} 1/2-1/2

[Event "Hoogeveen Amateur 1"]
[Site "Hoogeveen, Netherlands"]
[Date "2018.10.26"]
[Round "7.5"]
[White "Hadderingh, Thale"]
[Black "Hofstra, Tijmen"]
[Result "1/2-1/2"]
[WhiteElo "1761"]
[BlackElo "1622"]

1. Nf3 {[%emt 18:24:01]} d5 {[%emt 00:00:32]} 2. d4 {[%clk 01:31:11]} {[%emt
00:00:14]} Nf6 {[%clk 01:28:24]} {[%emt 00:02:35]} 3. Bf4 {[%clk 01:31:13]}
{[%emt 00:00:27]} e6 {[%clk 01:28:27]} {[%emt 00:00:27]} 4. e3 {[%clk
01:31:15]} {[%emt 00:00:28]} Bd6 {[%clk 01:28:46]} {[%emt 00:00:11]} 5. Bg5
{[%clk 01:30:09]} {[%emt 00:01:36]} h6 {[%clk 01:28:59]} {[%emt 00:00:17]} 6.
Bh4 {[%clk 01:30:26]} {[%emt 00:00:13]} Nbd7 {[%clk 01:29:18]} {[%emt
00:00:12]} 7. c4 {[%clk 01:29:41]} {[%emt 00:01:15]} c6 {[%clk 01:29:35]}
{[%emt 00:00:12]} 8. Nc3 {[%clk 01:28:50]} {[%emt 00:01:21]} Be7 {[%clk
01:29:21]} {[%emt 00:00:44]} 9. Bd3 {[%clk 01:28:19]} {[%emt 00:01:00]} O-O
{[%clk 01:25:10]} {[%emt 00:04:42]} 10. O-O {[%clk 01:27:45]} {[%emt 00:01:03]}
Nh7 {[%clk 01:25:21]} {[%emt 00:00:19]} 11. Bg3 {[%clk 01:26:23]} {[%emt
00:01:53]} f5 {[%clk 01:25:44]} {[%emt 00:00:07]} 12. Ne5 {[%clk 01:25:51]}
{[%emt 00:01:02]} Nxe5 {[%clk 01:26:03]} {[%emt 00:00:12]} 13. Bxe5 {[%clk
01:25:55]} {[%emt 00:00:25]} Bd6 {[%clk 01:25:43]} {[%emt 00:00:50]} 14. Bxd6
{[%clk 01:20:30]} {[%emt 00:05:55]} Qxd6 {[%clk 01:21:04]} {[%emt 00:05:10]} 15.
c5 {[%clk 01:20:48]} {[%emt 00:00:12]} Qc7 {[%clk 01:21:25]} {[%emt 00:00:07]}
16. f4 {[%clk 01:21:02]} {[%emt 00:00:18]} Bd7 {[%clk 01:21:48]} {[%emt
00:00:06]} 17. b4 {[%clk 01:18:25]} {[%emt 00:03:07]} a6 {[%clk 01:22:13]}
{[%emt 00:00:06]} 18. a4 {[%clk 01:15:49]} {[%emt 00:03:06]} Nf6 {[%clk
01:22:31]} {[%emt 00:00:11]} 19. Qb3 {[%clk 01:12:23]} {[%emt 00:03:56]} g5
{[%clk 01:22:44]} {[%emt 00:00:17]} 20. g3 {[%clk 01:11:41]} {[%emt 00:01:12]}
gxf4 {[%clk 01:23:06]} {[%emt 00:00:08]} 21. gxf4 {[%clk 01:11:57]} {[%emt
00:00:14]} Kf7 {[%clk 01:23:24]} {[%emt 00:00:12]} 22. h3 {[%clk 01:04:45]}
{[%emt 00:07:42]} Rg8+ {[%clk 01:23:47]} {[%emt 00:00:06]} 23. Kh2 {[%clk
01:05:08]} {[%emt 00:00:07]} Ne4 {[%clk 01:23:35]} {[%emt 00:00:43]} 24. Nxe4
{[%clk 01:04:27]} {[%emt 00:01:11]} dxe4 {[%clk 01:23:58]} {[%emt 00:00:07]} 25.
Be2 {[%clk 01:04:50]} {[%emt 00:00:08]} Qd8 {[%clk 01:24:20]} {[%emt 00:00:08]}
26. Qd1 {[%clk 01:03:20]} {[%emt 00:02:00]} Qh4 {[%clk 01:24:38]} {[%emt
00:00:12]} 27. Qe1 {[%clk 01:02:07]} {[%emt 00:01:42]} Qxe1 {[%clk 01:23:22]}
{[%emt 00:01:46]} 28. Raxe1 {[%clk 01:02:19]} {[%emt 00:00:18]} Rab8 {[%clk
01:22:53]} {[%emt 00:00:59]} 29. Rg1 {[%clk 00:59:19]} {[%emt 00:03:30]} Rxg1
{[%clk 01:23:07]} {[%emt 00:00:16]} 30. Rxg1 {[%clk 00:59:15]} {[%emt
00:00:34]} Rg8 {[%clk 01:23:20]} {[%emt 00:00:17]} 31. Bh5+ {[%clk 00:45:40]}
{[%emt 00:14:05]} Kf8 {[%clk 01:23:45]} {[%emt 00:00:06]} 32. Rb1 {[%clk
00:44:55]} {[%emt 00:01:14]} Ke7 {[%clk 01:24:04]} {[%emt 00:00:11]} 33. Be2
{[%clk 00:44:35]} {[%emt 00:00:50]} Be8 {[%clk 01:23:04]} {[%emt 00:01:30]} 34.
Bc4 {[%clk 00:31:29]} {[%emt 00:13:35]} h5 {[%clk 01:23:02]} {[%emt 00:00:32]}
35. h4 {[%clk 00:26:15]} {[%emt 00:05:45]} Bd7 {[%clk 01:19:23]} {[%emt
00:04:09]} 36. Be2 {[%clk 00:23:27]} {[%emt 00:03:17]} Kf6 {[%clk 01:19:28]}
{[%emt 00:00:26]} 37. Bxh5 {[%clk 00:20:06]} {[%emt 00:03:51]} Rh8 {[%clk
01:19:52]} {[%emt 00:00:05]} 38. Be2 {[%clk 00:20:30]} {[%emt 00:00:07]} Rxh4+
{[%clk 01:20:18]} {[%emt 00:00:04]} 39. Kg2 {[%clk 00:20:49]} {[%emt 00:00:11]}
Be8 {[%clk 01:20:19]} {[%emt 00:00:29]} 40. Rh1 {[%clk 00:21:02]} {[%emt
00:00:16]} Rxh1 {[%clk 01:20:44]} {[%emt 00:00:06]} 41. Kxh1 {[%clk 00:21:27]}
{[%emt 00:00:05]} Kg6 {[%clk 01:21:02]} {[%emt 00:00:12]} 42. Kh2 {[%clk
00:21:44]} {[%emt 00:00:13]} Kh6 {[%clk 01:21:27]} {[%emt 00:00:05]} 43. Kg3
{[%clk 00:22:05]} {[%emt 00:00:09]} Bh5 {[%clk 01:21:47]} {[%emt 00:00:10]} 44.
Bc4 {[%clk 00:19:37]} {[%emt 00:02:58]} Bf7 {[%clk 01:22:11]} {[%emt 00:00:06]}
45. Kh4 {[%clk 00:19:30]} {[%emt 00:00:37]} Kg6 {[%clk 01:22:34]} {[%emt
00:00:08]} 46. b5 {[%clk 00:18:41]} {[%emt 00:01:18]} a5 {[%clk 01:22:55]}
{[%emt 00:00:09]} 47. bxc6 {[%clk 00:19:00]} {[%emt 00:00:11]} bxc6 {[%clk
01:23:22]} {[%emt 00:00:04]} 48. Ba6 {[%clk 00:19:14]} {[%emt 00:00:15]} Be8
{[%clk 01:23:32]} {[%emt 00:00:19]} 49. Bc4 {[%clk 00:18:05]} {[%emt 00:01:40]}
Bd7 {[%clk 01:23:27]} {[%emt 00:00:35]} 50. Be2 {[%clk 00:17:24]} {[%emt
00:01:11]} Kf6 {[%clk 01:23:40]} {[%emt 00:00:17]} 51. Kh5 {[%clk 00:17:30]}
{[%emt 00:00:24]} Kg7 {[%clk 01:23:56]} {[%emt 00:00:14]} 52. Kg5 {[%clk
00:17:53]} {[%emt 00:00:07]} Bc8 {[%clk 01:24:10]} {[%emt 00:00:16]} 53. Bh5
{[%clk 00:14:14]} {[%emt 00:04:09]} Ba6 {[%clk 01:24:14]} {[%emt 00:00:25]} 54.
Be8 {[%clk 00:12:08]} {[%emt 00:02:37]} Bb7 {[%clk 01:24:38]} {[%emt 00:00:06]}
55. Bh5 {[%clk 00:10:02]} {[%emt 00:02:37]} Ba6 {[%clk 01:25:02]} {[%emt
00:00:05]} 56. Bd1 {[%clk 00:08:45]} {[%emt 00:01:47]} Kf7 {[%clk 01:25:26]}
{[%emt 00:00:06]} 57. Bb3 {[%clk 00:08:57]} {[%emt 00:00:18]} Ke7 {[%clk
01:25:49]} {[%emt 00:00:07]} 58. Kg6 {[%clk 00:08:31]} {[%emt 00:00:56]} Bc8
{[%clk 01:25:37]} {[%emt 00:00:42]} 59. Bc4 {[%clk 00:08:39]} {[%emt 00:00:22]}
Bb7 {[%clk 01:26:01]} {[%emt 00:00:07]} 60. Kg7 {[%clk 00:08:12]} {[%emt
00:00:57]} Bc8 {[%clk 01:26:21]} {[%emt 00:00:09]} 61. Kg6 {[%clk 00:01:08]}
{[%emt 00:07:33]} Bb7 {[%clk 01:26:44]} {[%emt 00:00:08]} 62. Kg5 {[%clk
00:29:56]} {[%emt 00:01:42]} Bc8 {[%clk 01:57:08]} {[%emt 00:00:06]} 63. Kh4
{[%clk 00:30:18]} {[%emt 00:00:08]} Bb7 {[%clk 01:57:28]} {[%emt 00:00:10]} 64.
Kg3 {[%clk 00:30:43]} {[%emt 00:00:06]} Bc8 {[%clk 01:57:20]} {[%emt 00:00:38]}
65. Kf2 {[%clk 00:31:08]} {[%emt 00:00:05]} Bd7 {[%clk 01:57:41]} {[%emt
00:00:09]} 66. Kg3 {[%clk 00:30:21]} {[%emt 00:01:16]} Bc8 {[%clk 01:57:59]}
{[%emt 00:00:11]} 67. Kf2 {[%clk 00:30:29]} {[%emt 00:00:23]} Bd7 {[%clk
01:58:22]} {[%emt 00:00:08]} 68. Ke1 {[%clk 00:30:46]} {[%emt 00:00:12]} Be8
{[%clk 01:58:45]} {[%emt 00:00:08]} 69. Be2 {[%clk 00:31:06]} {[%emt 00:00:10]}
Kf6 {[%clk 01:58:54]} {[%emt 00:00:22]} 70. Ba6 {[%clk 00:26:28]} {[%emt
00:05:08]} Ke7 {[%clk 01:59:07]} {[%emt 00:00:17]} 71. Bb7 {[%clk 00:24:06]}
{[%emt 00:02:51]} Kd7 {[%clk 01:59:29]} {[%emt 00:00:08]} 72. Ba6 {[%clk
00:24:03]} {[%emt 00:00:33]} Ke7 {[%clk 01:59:55]} {[%emt 00:00:04]} 73. Be2
{[%clk 00:23:39]} {[%emt 00:00:53]} Kf6 {[%clk 02:00:11]} {[%emt 00:00:15]} 74.
Kf2 {[%clk 00:24:02]} {[%emt 00:00:07]} Bd7 {[%clk 02:00:17]} {[%emt 00:00:24]}
75. Kg3 {[%clk 00:24:12]} {[%emt 00:00:20]} Bc8 {[%clk 02:00:39]} {[%emt
00:00:08]} 76. Kh4 {[%clk 00:24:33]} {[%emt 00:00:10]} Ke7 {[%clk 02:00:48]}
{[%emt 00:00:20]} 77. Kg5 {[%clk 00:24:38]} {[%emt 00:00:24]} Kf7 {[%clk
02:01:07]} {[%emt 00:00:12]} 78. Bh5+ {[%clk 00:24:46]} {[%emt 00:00:22]} Ke7
{[%clk 02:00:55]} {[%emt 00:00:42]} 79. Bg6 {[%clk 00:24:41]} {[%emt 00:00:35]}
Bd7 {[%clk 02:01:11]} {[%emt 00:00:15]} 80. Bh7 {[%clk 00:23:38]} {[%emt
00:01:32]} Kf7 {[%clk 02:01:32]} {[%emt 00:00:09]} 1/2-1/2

[Event "Hoogeveen Amateur 1"]
[Site "Hoogeveen, Netherlands"]
[Date "2018.10.26"]
[Round "7.6"]
[White "Lootsma, Jan"]
[Black "Schoor, Carl"]
[Result "1-0"]
[WhiteElo "1976"]
[BlackElo "1773"]

1. e4 {[%clk 01:30:57]} {[%emt 00:00:02]} e5 {[%clk 01:30:50]} {[%emt
00:00:10]} 2. Nf3 {[%clk 01:31:23]} {[%emt 00:00:05]} Nc6 {[%clk 01:31:10]}
{[%emt 00:00:10]} 3. Bc4 {[%clk 01:31:33]} {[%emt 00:00:19]} Bc5 {[%clk
01:31:20]} {[%emt 00:00:21]} 4. c3 {[%clk 01:31:49]} {[%emt 00:00:14]} Nf6
{[%clk 01:30:29]} {[%emt 00:01:21]} 5. d3 {[%clk 01:32:02]} {[%emt 00:00:16]}
d6 {[%clk 01:28:16]} {[%emt 00:02:43]} 6. O-O {[%clk 01:32:16]} {[%emt
00:00:16]} O-O {[%clk 01:27:50]} {[%emt 00:00:57]} 7. b4 {[%clk 01:22:22]}
{[%emt 00:10:23]} Bb6 {[%clk 01:27:30]} {[%emt 00:00:50]} 8. a4 {[%emt
00:02:00]} a5 {[%emt 00:01:24]} 9. b5 {[%clk 01:22:26]} {[%emt 00:00:17]} Ne7
{[%clk 01:25:22]} {[%emt 00:00:23]} 10. Qb3 {[%clk 01:19:48]} {[%emt 00:03:08]}
Ng6 {[%clk 01:20:46]} {[%emt 00:05:06]} 11. Bg5 {[%emt 00:13:03]} Bg4 {[%clk
01:08:26]} {[%emt 00:06:18]} 12. Nbd2 {[%clk 01:08:22]} {[%emt 00:05:56]} c5
{[%emt 00:05:34]} 13. h3 {[%clk 01:03:19]} {[%emt 00:03:11]} Bxf3 {[%clk
01:00:57]} {[%emt 00:05:16]} 14. Nxf3 {[%clk 01:02:05]} {[%emt 00:01:44]} h6
{[%clk 01:00:50]} {[%emt 00:00:38]} 15. Be3 {[%clk 00:35:56]} {[%emt 00:26:38]}
Nd7 {[%clk 00:55:16]} {[%emt 00:06:03]} 16. g3 {[%clk 00:35:24]} {[%emt
00:01:03]} Qe7 {[%clk 00:54:32]} {[%emt 00:01:13]} 17. Nh2 {[%clk 00:34:37]}
{[%emt 00:01:17]} Kh7 {[%clk 00:51:08]} {[%emt 00:03:54]} 18. h4 {[%clk
00:33:14]} {[%emt 00:01:54]} Rae8 {[%clk 00:44:02]} {[%emt 00:07:37]} 19. h5
{[%clk 00:30:33]} {[%emt 00:03:11]} Nh8 {[%clk 00:43:22]} {[%emt 00:01:09]} 20.
Nf3 {[%clk 00:26:38]} {[%emt 00:04:25]} Nf6 {[%clk 00:40:15]} {[%emt 00:03:37]}
21. Nh4 {[%emt 00:03:58]} Nxh5 {[%clk 00:38:17]} 22. Nf5 {[%clk 00:25:24]}
{[%emt 00:00:44]} Qd7 {[%clk 00:35:42]} {[%emt 00:03:06]} 23. Kg2 {[%clk
00:25:07]} {[%emt 00:00:46]} g5 {[%clk 00:31:45]} {[%emt 00:04:27]} 24. Rh1
{[%clk 00:24:29]} {[%emt 00:01:08]} Kg6 {[%clk 00:27:00]} {[%emt 00:05:14]} 25.
Rxh5 {[%clk 00:21:50]} {[%emt 00:03:10]} Kf6 {[%clk 00:22:48]} {[%emt
00:04:42]} 26. Rxh6+ {[%clk 00:21:49]} {[%emt 00:00:31]} Ng6 {[%clk 00:23:18]}
27. Qd1 {[%clk 00:18:31]} {[%emt 00:03:48]} Rh8 {[%clk 00:22:34]} {[%emt
00:01:14]} 28. Qh5 {[%emt 00:04:52]} Ra8 {[%emt 00:00:18]} 1-0

[Event "Hoogeveen Amateur 1"]
[Site "Hoogeveen, Netherlands"]
[Date "2018.10.26"]
[Round "7.7"]
[White "Pompstra, Henk"]
[Black "Ebels, Theo"]
[Result "0-1"]
[WhiteElo "1747"]
[BlackElo "1990"]

1. d4 {[%clk 01:30:52]} {[%emt 00:00:06]} d5 {[%clk 01:30:33]} {[%emt
00:00:28]} 2. Bg5 {[%clk 01:31:00]} {[%emt 00:00:21]} c6 {[%clk 01:27:09]}
{[%emt 00:03:54]} 3. c4 {[%clk 01:26:56]} {[%emt 00:04:34]} dxc4 {[%clk
01:26:12]} {[%emt 00:01:28]} 4. e4 {[%clk 01:20:58]} {[%emt 00:06:27]} h6
{[%clk 01:19:29]} {[%emt 00:07:13]} 5. Bh4 {[%clk 01:20:05]} {[%emt 00:01:22]}
g5 {[%clk 01:18:07]} {[%emt 00:01:53]} 6. Bg3 {[%clk 01:20:26]} {[%emt
00:00:09]} Bg7 {[%clk 01:18:32]} {[%emt 00:00:05]} 7. e5 {[%clk 01:14:08]}
{[%emt 00:06:49]} Be6 {[%clk 01:11:02]} {[%emt 00:08:00]} 8. h4 {[%clk
01:08:53]} {[%emt 00:05:43]} g4 {[%clk 01:07:47]} {[%emt 00:03:46]} 9. h5
{[%clk 01:06:19]} {[%emt 00:03:04]} c5 {[%clk 01:07:00]} {[%emt 00:01:18]} 10.
Ne2 {[%clk 01:02:39]} {[%emt 00:04:06]} Nc6 {[%clk 00:59:40]} {[%emt 00:07:53]}
11. Nf4 {[%clk 00:59:25]} {[%emt 00:03:44]} Qxd4 {[%clk 00:56:44]} {[%emt
00:03:27]} 12. Nxe6 {[%clk 00:58:38]} {[%emt 00:01:16]} fxe6 {[%clk 00:54:20]}
{[%emt 00:02:54]} 13. Qc2 {[%clk 00:58:24]} {[%emt 00:00:43]} Nxe5 {[%clk
00:52:19]} {[%emt 00:02:32]} 14. Nd2 {[%clk 00:55:40]} {[%emt 00:03:13]} Nd3+
{[%clk 00:50:22]} {[%emt 00:02:28]} 15. Bxd3 {[%clk 00:55:30]} {[%emt
00:00:40]} cxd3 {[%clk 00:50:39]} {[%emt 00:00:14]} 16. Qb3 {[%clk 00:55:18]}
{[%emt 00:00:41]} Qxb2 {[%clk 00:45:43]} {[%emt 00:05:26]} 17. Rb1 {[%clk
00:55:42]} {[%emt 00:00:05]} Qxb3 {[%clk 00:45:04]} {[%emt 00:01:09]} 18. Rxb3
{[%clk 00:56:05]} {[%emt 00:00:07]} b6 {[%clk 00:38:54]} {[%emt 00:06:41]} 19.
Rxd3 {[%clk 00:55:39]} {[%emt 00:00:56]} Nf6 {[%clk 00:37:30]} {[%emt
00:01:53]} 20. O-O {[%clk 00:51:34]} {[%emt 00:04:35]} O-O {[%clk 00:31:55]}
{[%emt 00:06:05]} 21. Nc4 {[%clk 00:51:09]} {[%emt 00:00:55]} Nxh5 {[%clk
00:26:13]} {[%emt 00:06:12]} 22. Be5 {[%clk 00:51:20]} {[%emt 00:00:19]} Bxe5
{[%clk 00:23:35]} {[%emt 00:03:09]} 23. Nxe5 {[%clk 00:51:43]} {[%emt
00:00:06]} Rfd8 {[%clk 00:23:04]} {[%emt 00:01:02]} 24. Re3 {[%clk 00:51:43]}
{[%emt 00:00:30]} Nf6 {[%clk 00:22:45]} {[%emt 00:00:49]} 25. Rfe1 {[%clk
00:49:57]} {[%emt 00:02:16]} Rac8 {[%clk 00:14:29]} {[%emt 00:08:46]} 26. Ng6
{[%clk 00:47:23]} {[%emt 00:03:03]} Kf7 {[%clk 00:13:55]} {[%emt 00:01:03]} 27.
Nf4 {[%clk 00:45:37]} {[%emt 00:02:16]} c4 {[%clk 00:08:31]} {[%emt 00:05:55]}
28. Rxe6 {[%clk 00:44:45]} {[%emt 00:01:22]} Rd7 {[%clk 00:08:55]} {[%emt
00:00:07]} 29. R6e3 {[%clk 00:41:10]} {[%emt 00:04:04]} Rc5 {[%clk 00:08:35]}
{[%emt 00:00:50]} 30. Rc3 {[%clk 00:38:09]} {[%emt 00:03:31]} e5 {[%clk
00:06:39]} {[%emt 00:02:26]} 31. Ne2 {[%clk 00:37:30]} {[%emt 00:01:09]} b5
{[%clk 00:06:58]} {[%emt 00:00:11]} 32. Re3 {[%clk 00:33:49]} {[%emt 00:04:10]}
Rd3 {[%clk 00:06:34]} {[%emt 00:00:56]} 33. Nc3 {[%clk 00:31:30]} {[%emt
00:02:48]} Rxe3 {[%clk 00:06:53]} {[%emt 00:00:11]} 34. Rxe3 {[%clk 00:31:30]}
{[%emt 00:00:30]} b4 {[%clk 00:06:19]} {[%emt 00:01:05]} 35. Ne4 {[%clk
00:31:38]} {[%emt 00:00:21]} Nxe4 {[%clk 00:06:26]} {[%emt 00:00:24]} 36. Rxe4
{[%clk 00:32:03]} {[%emt 00:00:05]} c3 {[%clk 00:06:38]} {[%emt 00:00:18]} 37.
Re1 {[%clk 00:32:21]} {[%emt 00:00:10]} Rd5 {[%clk 00:06:22]} {[%emt 00:00:47]}
38. Kh2 {[%clk 00:32:24]} {[%emt 00:00:27]} Kf6 {[%clk 00:06:29]} {[%emt
00:00:23]} 39. Kg3 {[%clk 00:32:48]} {[%emt 00:00:06]} Rd2 {[%clk 00:06:01]}
{[%emt 00:00:58]} 40. Ra1 {[%clk 00:33:09]} {[%emt 00:00:09]} Kf5 {[%clk
00:06:07]} {[%emt 00:00:25]} 41. f3 {[%clk 00:33:17]} {[%emt 00:00:21]} gxf3
{[%clk 00:06:15]} {[%emt 00:00:22]} 42. gxf3 {[%clk 00:33:12]} {[%emt
00:00:36]} Rb2 {[%clk 00:03:01]} {[%emt 00:03:44]} 43. f4 {[%clk 00:32:59]}
{[%emt 00:00:41]} c2 {[%clk 00:02:12]} {[%emt 00:01:20]} 44. Re1 {[%clk
00:33:18]} {[%emt 00:00:10]} exf4+ {[%clk 00:01:43]} {[%emt 00:01:00]} 45. Kf3
{[%clk 00:33:42]} {[%emt 00:00:06]} Rb1 {[%clk 00:01:57]} {[%emt 00:00:16]} 46.
a3 {[%clk 00:33:54]} {[%emt 00:00:17]} Rxe1 {[%clk 00:02:16]} {[%emt 00:00:12]}
0-1

[Event "Hoogeveen Amateur 1"]
[Site "Hoogeveen, Netherlands"]
[Date "2018.10.27"]
[Round "8.1"]
[White "Ypma, Jord"]
[Black "Vasse, Albert"]
[Result "1/2-1/2"]
[WhiteElo "1791"]
[BlackElo "1857"]

1. e4 {[%clk 01:30:41]} {[%emt 00:00:18]} c5 {[%clk 01:30:48]} {[%emt
00:00:12]} 2. Nf3 {[%clk 01:30:28]} {[%emt 00:00:42]} Nc6 {[%clk 01:31:09]}
{[%emt 00:00:08]} 3. d4 {[%clk 01:30:46]} {[%emt 00:00:14]} cxd4 {[%clk
01:31:30]} {[%emt 00:00:09]} 4. Nxd4 {[%clk 01:31:03]} {[%emt 00:00:13]} g6
{[%clk 01:31:54]} {[%emt 00:00:06]} 5. c4 {[%clk 01:31:19]} {[%emt 00:00:14]}
Bg7 {[%clk 01:32:11]} {[%emt 00:00:13]} 6. Be3 {[%clk 01:31:41]} {[%emt
00:00:07]} Nf6 {[%clk 01:32:33]} {[%emt 00:00:08]} 7. Nc3 {[%clk 01:32:00]}
{[%emt 00:00:12]} O-O {[%clk 01:32:25]} {[%emt 00:00:38]} 8. Be2 {[%clk
01:32:02]} {[%emt 00:00:27]} d6 {[%clk 01:32:01]} {[%emt 00:00:55]} 9. O-O
{[%clk 01:30:56]} {[%emt 00:01:34]} Ng4 {[%clk 01:26:13]} {[%emt 00:06:18]} 10.
Bxg4 {[%clk 01:26:13]} {[%emt 00:05:14]} Bxg4 {[%clk 01:26:32]} {[%emt
00:00:12]} 11. Qxg4 {[%clk 01:25:17]} {[%emt 00:01:26]} Nxd4 {[%clk 01:26:40]}
{[%emt 00:00:22]} 12. Qd1 {[%clk 01:24:36]} {[%emt 00:01:10]} Ne6 {[%clk
01:25:22]} {[%emt 00:01:48]} 13. Rc1 {[%clk 01:24:22]} {[%emt 00:00:44]} Nc5
{[%clk 01:23:26]} {[%emt 00:02:26]} 14. b4 {[%clk 01:17:05]} {[%emt 00:07:47]}
Bxc3 {[%clk 01:17:58]} {[%emt 00:05:58]} 15. bxc5 {[%clk 01:17:23]} {[%emt
00:00:13]} Bg7 {[%clk 01:16:40]} {[%emt 00:01:47]} 16. cxd6 {[%clk 01:17:45]}
{[%emt 00:00:09]} Qxd6 {[%clk 01:15:52]} {[%emt 00:01:18]} 17. Qd5 {[%clk
01:15:32]} {[%emt 00:02:43]} Qc7 {[%clk 01:08:52]} {[%emt 00:07:30]} 18. c5
{[%clk 01:13:04]} {[%emt 00:02:58]} Rfd8 {[%clk 01:04:48]} {[%emt 00:04:34]} 19.
Qb3 {[%clk 01:12:44]} {[%emt 00:00:49]} Qc6 {[%emt 00:05:36]} 1/2-1/2

[Event "Hoogeveen Amateur 1"]
[Site "Hoogeveen, Netherlands"]
[Date "2018.10.27"]
[Round "8.2"]
[White "Mol, Christiaan"]
[Black "Weverling, Ferry"]
[Result "1-0"]
[WhiteElo "1925"]
[BlackElo "1816"]

1. Nf3 {[%clk 01:30:57]} {[%emt 00:00:02]} d6 {[%clk 01:30:49]} {[%emt
00:00:11]} 2. d4 {[%clk 01:31:21]} {[%emt 00:00:06]} Nd7 {[%clk 01:31:00]}
{[%emt 00:00:19]} 3. e4 {[%clk 01:30:49]} {[%emt 00:01:02]} e5 {[%clk
01:30:51]} {[%emt 00:00:39]} 4. Bc4 {[%clk 01:30:20]} {[%emt 00:00:59]} c6
{[%clk 01:30:19]} {[%emt 00:01:02]} 5. O-O {[%clk 01:28:51]} {[%emt 00:01:59]}
Be7 {[%clk 01:30:22]} {[%emt 00:00:27]} 6. Bb3 {[%clk 01:19:53]} {[%emt
00:09:28]} Ngf6 {[%clk 01:30:26]} {[%emt 00:00:26]} 7. Nc3 {[%clk 01:19:24]}
{[%emt 00:01:00]} O-O {[%clk 01:30:43]} {[%emt 00:00:12]} 8. h3 {[%clk
01:18:16]} {[%emt 00:01:38]} a5 {[%clk 01:30:34]} {[%emt 00:00:40]} 9. Re1
{[%clk 01:07:27]} {[%emt 00:11:19]} b5 {[%clk 01:30:16]} {[%emt 00:00:45]} 10.
a4 {[%clk 01:04:46]} {[%emt 00:03:13]} exd4 {[%clk 01:27:06]} {[%emt 00:03:40]}
11. Nxd4 {[%clk 01:04:42]} {[%emt 00:00:35]} b4 {[%clk 01:27:23]} {[%emt
00:00:12]} 12. Nxc6 {[%clk 01:04:37]} {[%emt 00:00:36]} Qe8 {[%clk 01:27:47]}
{[%emt 00:00:06]} 13. Nb5 {[%clk 00:50:28]} {[%emt 00:14:39]} Nc5 {[%clk
01:27:44]} {[%emt 00:00:32]} 14. Bd5 {[%clk 00:48:00]} {[%emt 00:02:58]} Bb7
{[%clk 01:22:11]} {[%emt 00:06:03]} 15. Nc7 {[%clk 00:45:22]} {[%emt 00:03:08]}
Qd7 {[%clk 01:22:32]} {[%emt 00:00:09]} 16. Nxe7+ {[%clk 00:44:38]} {[%emt
00:01:14]} Qxe7 {[%clk 01:22:51]} {[%emt 00:00:10]} 17. Bxb7 {[%clk 00:43:42]}
{[%emt 00:01:27]} Rab8 {[%clk 01:23:09]} {[%emt 00:00:12]} 18. Nd5 {[%clk
00:43:10]} {[%emt 00:01:03]} Ncd7 {[%emt 00:00:16]} 1-0